000 00560nam a22001697a 4500
005 20241017062518.0
008 241004b |||||||| |||| 00| 0 eng d
020 _a9786214271795
082 _aDFil 332 B161 2024
100 _aBairan, Bonifacio P.
_eauthor.
_962217
245 _aCapital markets /
_cBonifacio P. Bairan.
260 _aManila :
_bUnlimited Books Library Service & Publishing Inc.,
_c©2024.
300 _axii, 492 pages :
_billustrations ;
_c25 cm.
500 _aIncludes bibliography.
650 0 _aCapital markets.
_932895
942 _2ddc
_cDFIL
999 _c22204
_d22204